Cara mudah fasih 16 tenses (Record no. 118838)

MARC details
000 -LEADER
fixed length control field 00659nam a2200241 i 4500
001 - CONTROL NUMBER
control field C2-0317837
003 - CONTROL NUMBER IDENTIFIER
control field PPAK
005 - DATE AND TIME OF LATEST TRANSACTION
control field 20180728113910.0
008 - FIXED-LENGTH DATA ELEMENTS--GENERAL INFORMATION
fixed length control field 120927s my a|||| ||||| | may d
020 ## - INTERNATIONAL STANDARD BOOK NUMBER
International Standard Book Number 9789673717927
040 ## - CATALOGING SOURCE
Original cataloging agency PPAK
Language of cataloging eng
Transcribing agency PPAK
Description conventions rda
082 04 - DEWEY DECIMAL CLASSIFICATION NUMBER
Classification number 428
Edition number 23
090 00 - LOCALLY ASSIGNED LC-TYPE CALL NUMBER (OCLC); LOCAL CALL NUMBER (RLIN)
Classification number (OCLC) (R) ; Classification number, CALL (RLIN) (NR) 428
Feature heading CAR
Feature heading G
245 00 - TITLE STATEMENT
Title Cara mudah fasih 16 tenses
264 #1 - PRODUCTION, PUBLICATION, DISTRIBUTION, MANUFACTURE, AND COPYRIGHT NOTICE
Place of production, publication, distribution, manufacture Kuala Lumpur :
Name of producer, publisher, distributor, manufacturer Sukses Media Akademia ,
300 ## - PHYSICAL DESCRIPTION
Extent 104 pages :
Other physical details illustrations ;
Dimensions 23 cm.
336 ## - CONTENT TYPE
Source rdacontent
Content type term text
337 ## - MEDIA TYPE
Source rdamedia
Media type term unmediated
338 ## - CARRIER TYPE
Source rdacarrier
Carrier type term volume
650 10 - SUBJECT ADDED ENTRY--TOPICAL TERM
Topical term or geographic name entry element English language - Usage
700 0# - ADDED ENTRY--PERSONAL NAME
Personal name Hassan Noor,
Relator term editor
942 ## - ADDED ENTRY ELEMENTS (KOHA)
-- dc
Koha item type Book
Holdings
Withdrawn Not for loan Current library Shelving location Date acquired Total Checkouts Total Renewals Full call number Barcode Date last seen Date last checked out Koha item type Checked out
    Perpustakaan Alor Setar Pinjaman Dewasa 22/10/2012 6 2 428 CAR A01400133 27/03/2025 23/02/2025 Book  
    Perpustakaan Alor Setar Pinjaman Dewasa 22/10/2012 14 3 428 CAR A01400134 03/01/2021 24/11/2020 Book  
    Perpustakaan Baling Pinjaman Dewasa 22/10/2012 3 2 428 CAR A01400141 05/07/2025 27/05/2025 Book  
    Perpustakaan Bandar Baharu Pinjaman Dewasa 22/10/2012 2   428 CAR A01400142 30/11/2022 07/11/2022 Book  
    Perpustakaan Jitra Pinjaman Dewasa 22/10/2012 4 3 428 CAR A01400136 03/06/2026 03/06/2026 Book 15/07/2026
    Perpustakaan Kuala Nerang Pinjaman Dewasa 22/10/2012     428 CAR A01400143 09/05/2018   Book  
    Perpustakaan Kulim Pinjaman Dewasa 22/10/2012 4   428 CAR A01400144 18/01/2025 05/01/2025 Book  
    Perpustakaan Merbok Pinjaman Dewasa 22/10/2012     428 CAR A01400145 09/05/2018   Book  
    Perpustakaan Pendang Pinjaman Dewasa 22/10/2012     428 CAR A01400146 09/05/2018   Book  
    Perpustakaan Sik Pinjaman Dewasa 22/10/2012 4 2 428 CAR A01400140 08/02/2023 02/02/2023 Book  
    Perpustakaan Yan Pinjaman Dewasa 22/10/2012     428 CAR A01400139 09/05/2018   Book